01563pam a2200349 a 450000100100000000500170001000800410002702000150006802000150008303500190009804000300011705000210014708200170016811100850018524501390027026000370040930000340044650001400048050001170062050400530073765000330079065000350082365000380085865000440089665000350094065000450097565000470102070000500106770000270111770000250114471000440116900001118720200929162401.0841029s1985 nyua b 101 0 eng c z0881670715 z0881670561 a(DLC) 84024901 aDO-SdBNPbspacBNPHUdDLC00aQP376b.N64 1983 a612/.8222191 aNobel Conference (Karolinska institutet)n(7ma. :d1983 :cSaltsjobaden, Suecia)14aThe metabolism of the human brain studied with positron emission tomography /ceditores Torgny Greitz, David H. Ingvar yLennart Widen. aNew York :bRaven Press,cc1985. axxvi, 507 p. :bil. ;c25 cm. a"Sobre la base de los trabajos de la Conferencia Nobel de sesiones, celebrado en Saltsjobaden, Suecia, 17-20 de mayo, 1983 "- Tp verso. aLos patrocinadores de la reunión, la Asamblea Nobel del Instituto Karolinska, ... [et al.] "- P. enfrenta T.P. aIncluye referencias bibliográficas e índice. 0aBrain chemistryxCongresses. 0aEnergy metabolismxCongresses. 0aTomography, emissionxCongresses. 0aBrainxDiseasesxDiagnosisxCongresses. 2aBrainxMetabolismxCongresses. 2aBrainxRadionuclide imagingxCongresses. 2aTomography, emission computedxCongresses.1 aGreitz, Torgny Valdemar Bernhard,d1921-eed.1 aIngvar, David H.,eed.1 aWiden, Lennart.eed.2 aKarolinska institutet.bNobel Assembly.